| 000 | 01184cam a2200373 i 4500 | ||
|---|---|---|---|
| 001 | 768714001 | ||
| 003 | CO-MdFUSB | ||
| 005 | 20240618062721.0 | ||
| 007 | ta | ||
| 008 | 900517t1982 caua 000 0 eng d | ||
| 020 | _a0916636046 | ||
| 020 | _a9780916636043 | ||
| 040 |
_aMOG _cCO-MdFUSB _dYDXCP _dCO-MdFUSB _dOCLCG _dAU@ _dCAP _dUtOrBLW _bspa _erda |
||
| 041 | _aeng | ||
| 082 |
_223 _a266.023 _bB848 |
||
| 100 | 1 |
_aBrewster, Tom, _d1939- _eautor |
|
| 245 | 1 | 0 |
_aBonding and the missionary task : _bestablishing a sense of belonging _c/ E. Thomas Brewster , Elizabeth S. Brewster. |
| 250 | _aTercera impresión ligeramente revisada y ampliada. | ||
| 264 | 1 |
_aPasadena, CA : _bLingua House, _c[1987] |
|
| 264 | 4 | _c© 1987 | |
| 300 |
_a29 páginas : _bilustraciones ; _c22 cm. |
||
| 336 |
_atexto _btxt _2rdacontent. |
||
| 337 |
_asin mediación _bn _2rdamedia. |
||
| 338 |
_avolumen _bnc _2rdacarrier. |
||
| 563 | _aRústico | ||
| 650 | 0 |
_aMisiones _9154 |
|
| 650 | 0 |
_91175 _aAcción social |
|
| 653 | _aLengua e idiomas | ||
| 700 | 1 |
_aBrewster, Betty Sue, _d1943- _eautor |
|
| 942 | _cBK | ||
| 945 | _aJTF-925 | ||
| 999 |
_c66420 _d66420 |
||